Kroaten in der Mikulover Region /

Další autoři: Vrbková, Stanislava, 1959-
Jazyk: Němčina
Vydáno: Mikulov : Regionalmuseum Mikulov, 2007
Vydání: 1. Aufl.
Témata:
Fyzický popis: 40 s. : il. (převážně barev.), portréty ; 20 cm
Knihy
Uloženo v:
LEADER 01949nam a2200529 a 4500
001 nkc20071761837
003 CZ PrNK
005 20080410112207.0
007 ta
008 080212s2007 xr ac e f 000 0 ger
015 |a cnb001761837 
020 |a 978-80-85088-24-3  |q (brož.) 
035 |a (OCoLC)228668929 
040 |a ABA001  |b cze  |d OLA001 
041 1 |a ger  |h cze 
043 |a e-xr---  |b e-xr-jm  |2 czenas 
045 |a w-x- 
072 7 |a 39  |x Kulturní antropologie. Etnologie. Etnografie  |2 Konspekt  |9 1 
080 |a (=163.42)  |2 MRF 
080 |a 39  |2 MRF 
080 |a (437.322)  |2 MRF 
080 |a (036)  |2 MRF 
080 |a (084.11)  |2 MRF 
245 0 0 |a Kroaten in der Mikulover Region /  |c [Zusammenstellung und Kommentar der Texte Stanislava Vrbková, Foto Antonín Blažek ... et al.] 
250 |a 1. Aufl. 
260 |a Mikulov :  |b Regionalmuseum Mikulov,  |c 2007 
300 |a 40 s. :  |b il. (převážně barev.), portréty ;  |c 20 cm 
500 |a Přeloženo z češtiny 
504 |a Obsahuje bibliografii 
648 7 |a 19.-20. století  |7 ch757015  |2 czenas 
650 0 7 |a Chorvaté  |7 ph116970  |z Česko  |2 czenas 
650 0 7 |a lidová kultura  |7 ph122304  |z Česko  |y 19.-20. století  |2 czenas 
650 0 9 |a Croats  |z Czechia  |2 eczenas 
650 0 9 |a folk culture  |z Czechia  |y 19th-20th centuries  |2 eczenas 
651 7 |a Mikulov (Břeclav, Česko : oblast)  |7 ge130006  |2 czenas 
651 9 |a Mikulov Region (Břeclav, Czechia)  |2 eczenas 
655 7 |a informační publikace  |7 fd132454  |2 czenas 
655 7 |a obrazové publikace  |7 fd132947  |2 czenas 
655 9 |a information publications  |2 eczenas 
655 9 |a pictorial works  |2 eczenas 
700 1 |a Vrbková, Stanislava,  |d 1959-  |7 mzk2005269799  |4 com  |4 wfw 
910 2 |a BOA001  |b 2-1198.316 
928 9 |a Regionální muzeum Mikulov 
990 |a BK 
995 |a 01 
991 |b 200802  |c NOV 
996 6 |b 2610332591  |c 2-1198.316  |l MZK  |r Sklad / do 1 hodiny  |n 2  |p p.v.  |w 000883383  |u 000010  |a 1  |e BOA001  |j MZK50  |s P